|
|
|
|
| LEADER |
01341aam a22004098a 4500 |
| 001 |
00032380 |
| 005 |
20171026081025.0 |
| 008 |
140813s2012 ||||||viesd |
| 020 |
# |
# |
|c 85000
|a 9786049262609
|
| 041 |
0 |
# |
|a vie
|
| 082 |
1 |
4 |
|a 158
|b TH455M
|
| 100 |
1 |
# |
|a Bradberry, Travis
|
| 245 |
1 |
0 |
|a Thông minh cảm xúc để hạnh phúc và thành công
|c Travis Bradberry, Jean Greaves ;Uông Xuân Vy, Trần Đăng Khoa (dịch)
|
| 246 |
0 |
1 |
|a Emotional intelligence quickbook
|
| 250 |
# |
# |
|a Tái bản lần thứ 2
|
| 260 |
# |
# |
|a Hà Nội
|b Phụ nữ
|c 2012
|
| 300 |
# |
# |
|a 144 tr.
|b minh họa
|c 24 cm.
|
| 653 |
# |
# |
|a Cảm xúc
|
| 653 |
# |
# |
|a Tâm lý học ứng dụng
|
| 653 |
# |
# |
|a Thành công
|
| 653 |
# |
# |
|a Kiểm soát
|
| 653 |
# |
# |
|a Hạnh phúc
|
| 700 |
1 |
# |
|a Uông, Xuân Vy
|e Dịch
|
| 700 |
1 |
# |
|a Trần, Đăng Khoa
|e Dịch
|
| 700 |
1 |
# |
|a Greaves, Jean
|
| 852 |
# |
# |
|b Kho mượn
|j KM.0016973
|
| 852 |
# |
# |
|b Kho đọc
|j KD.0016022
|
| 852 |
# |
# |
|j KD.0016022
|j KM.0016973
|j KM.0028512
|j KM.0028514
|j KM.0028515
|j KM.0028517
|j KM.0028518
|j KM.0028520
|j KM.0028521
|j KM.0028524
|
| 910 |
|
|
|d 13/8/2014
|
| 980 |
# |
# |
|a Trung tâm Học liệu Lê Vũ Hùng, Trường Đại học Đồng Tháp
|